Long Thành cầm giả ca Kịch bản đoạt giải nhất cuộc thi viết về 1000 năm Thăng Long Hà Nội

Là kịch bản điện ảnh chuyển thể từ bài thơ chữ Hán Long Thành cầm giả ca của đại thi hào Nguyễn Du. Từ cốt cách và thần thái của bài thơ, tác giả đã phát triển, làm phong phú câu chuyện về những lần gặp của nhà thơ - đại thi hào Nguyễn...

Full description

Saved in:
Bibliographic Details
Main Author: Văn Lê
Format: Book
Language:Undetermined
Published: H. Trẻ 2017
Subjects:
Online Access:http://lrc.tdmu.edu.vn/opac/search/detail.asp?aID=2&ID=32145
Tags: Add Tag
No Tags, Be the first to tag this record!
Institutions: Trung tâm Học liệu Trường Đại học Thủ Dầu Một
LEADER 01235nam a2200217Ia 4500
001 TDMU_32145
008 210410s9999 xx 000 0 und d
082 |a 398.089 
090 |b V115 
100 |a Văn Lê 
245 0 |a Long Thành cầm giả ca 
245 0 |b Kịch bản đoạt giải nhất cuộc thi viết về 1000 năm Thăng Long Hà Nội 
245 0 |c Văn Lê 
260 |a H. 
260 |b Trẻ 
260 |c 2017 
300 |a 208tr. 
520 |a Là kịch bản điện ảnh chuyển thể từ bài thơ chữ Hán Long Thành cầm giả ca của đại thi hào Nguyễn Du. Từ cốt cách và thần thái của bài thơ, tác giả đã phát triển, làm phong phú câu chuyện về những lần gặp của nhà thơ - đại thi hào Nguyễn Du với người danh cầm đất Thăng Long cùng sự chứng kiến của ông về số phận cô Cầm 
650 |a Văn học Việt Nam  |v Kịch; Kịch bản điện ảnh  |z Việt Nam 
856 |u http://lrc.tdmu.edu.vn/opac/search/detail.asp?aID=2&ID=32145 
980 |a Trung tâm Học liệu Trường Đại học Thủ Dầu Một